000 00240nam a2200097Ia 4500
008 220216s9999 xx 000 0 und d
245 0 _aI U T: rubber karshakar vanchitharakaruthu
260 _bKarshakan
_c2009
300 _a60-61
942 _cJS
999 _c60575
_d60575